Péi aléatwar par drapo (Frahsé altérnatif) - Statistiques

Statistiques générales
  • Ce quiz a été pris 6 fois
  • Le résultat moyen est 6 sur 20
Statistiques - réponses
Par images Réponse % Correct
Ahgola
100%
Azérbaiydjah
100%
Botswana
100%
Chipr
100%
Comor
100%
Coré du Nor
100%
Étaz Uni
100%
Filipin
100%
Gana
100%
Guyiiyana
100%
Israél
100%
Libériya
100%
Malt
100%
Mécsic
100%
Nijériya
100%
Sih Cristof é Niyévés
100%
Siht Lusi
100%
Tunizi
100%
Turci
100%
Zahbi
100%
Salomoh
50%
Sri Lahca
50%
Afganistah
0%
Afric du Sud
0%
Ahdor
0%
Aiti
0%
Albani
0%
Aljéri
0%
Almaniy
0%
Antigwa é Barbuda
0%
Arabi Saoydit
0%
Arjahtin
0%
Arméni
0%
Baamas
0%
Bahgladéch
0%
Barbad
0%
Baréiyn
0%
Bélarus
0%
Béliz
0%
Béljic
0%
Bénih
0%
Birmani
0%
Bolivi
0%
Bosni Érzégovin
0%
Boyroyndi
0%
Boytah
0%
Brézil
0%
Brunéiy
0%
Bulgari
0%
Burcina Faso
0%
Cahbodj
0%
Camroyn
0%
Canada
0%
Cap Vér
0%
Catar
0%
Cazacstah
0%
Céniya
0%
Chili
0%
Chin
0%
Cirgizistah
0%
Ciribas
0%
Cohgo Brazavil
0%
Cohgo Cinchasa
0%
Colohbi
0%
Coré du Sud
0%
Cosovo
0%
Costa Rica
0%
Cot d'Ivwar
0%
Cowéiyt
0%
Croasi
0%
Cuba
0%
Danmarc
0%
Djiboyti
0%
Dominic
0%
Écwater
0%
Éjipt
0%
Émira arab uni
0%
Éritré
0%
Éspaniy
0%
Éstoni
0%
Éswatini
0%
Étiyopi
0%
Fidji
0%
Fihlahd
0%
Frahs
0%
Gaboh
0%
Gahbi
0%
Giné
0%
Giné Biso
0%
Giné écwatoriyal
0%
Grenad
0%
Grés
0%
Gwatémala
0%
Ihd
0%
Ihdonézi
0%
Il Marchal
0%
Irac
0%
Irah
0%
Irlahd
0%
Islahd
0%
Itali
0%
Iyémén
0%
Jamaic
0%
Japoh
0%
Jéorji
0%
Jordani
0%
Laos
0%
Létoni
0%
Lézoto
0%
Libah
0%
Libi
0%
Lichtenchtaiyn
0%
Lituyani
0%
Lucsahboyr
0%
Madagascar
0%
Malawi
0%
Maldiv
0%
Malézi
0%
Mali
0%
Maroc
0%
Masédwan du Nor
0%
Micronézi
0%
Mohgoli
0%
Mohténégro
0%
Moldavi
0%
Monaco
0%
Moris
0%
Moritani
0%
Mozahbic
0%
Namibi
0%
Népal
0%
Nicaragwa
0%
Nijér
0%
Noroy
0%
Norvéj
0%
Noyvél Zélahd
0%
Ohduras
0%
Ohgri
0%
Omah
0%
Ostrali
0%
Otrich
0%
Oyganda
0%
Oyzbécistah
0%
Pacistah
0%
Palaos
0%
Panama
0%
Papwazi Noyvél Giné
0%
Paragwé
0%
Péi Ba
0%
Péroy
0%
Poloniy
0%
Portugal
0%
Républic dominicén
0%
Roymani
0%
Rusi
0%
Rwahnda
0%
Rwaiyom Uni
0%
Sahtrafric
0%
Salvador
0%
Samoa
0%
Sao Tomé é Prihsip
0%
Séchél
0%
Sénégal
0%
Sérbi
0%
Sihgapoyr
0%
Sih Marih
0%
Sih Vihsah é lé Grenadin
0%
Siri
0%
Siyéra Léon
0%
Slovaci
0%
Slovéni
0%
Somali
0%
Soydan
0%
Soydan du Sud
0%
Surinam
0%
Suyéd
0%
Suyis
0%
Tadjicistah
0%
Tahdzani
0%
Taiylahd
0%
Taiywan
0%
Tchad
0%
Tchéci
0%
Timor oriyahtal
0%
Togo
0%
Tohga
0%
Trinité é Tobago
0%
Turcménistah
0%
Tuvalu
0%
Ucrén
0%
Urugwé
0%
Vanwatoy
0%
Vaticah
0%
Vénézuyéla
0%
Viyét Nam
0%
Zimbabwé
0%
Aucun quiz correspondant
Distribution des résultats
% des personnes avec chaque résultat
Percentile par nombre de réponses
Votre historique - résultats
Vous n’avez pas pris ce quiz